000 00393nam a2200169Ia 4500
001 20917
003 IN-NITTTR
005 20251114233238.0
008 251113s9999||||xx |||||||||||||| ||eng||
040 _beng
040 _cIN-NITTTR
041 _aeng
082 _a181.4 L96L
100 _aLutyens, Mary
245 4 _aThe life and death of Krishnamurti /
_cLutyens, Mary
942 _2ddc
_cBK
999 _c23547
_d23547